| 000 | 00834pam a2200265 a 4500 | ||
|---|---|---|---|
| 001 | 2470630 | ||
| 005 | 20180215042849.0 | ||
| 008 | 900411s1990 mdu b 001 0 eng | ||
| 010 | _a 90036391 | ||
| 020 | _a0801840503 (hc) | ||
| 020 | _a0801840511 (pbk.) | ||
| 040 |
_aDLC _cDLC _dDLC |
||
| 041 | _aeng | ||
| 043 | _an-us--- | ||
| 080 | _a973 | ||
| 082 | 0 | 0 |
_a973 HEA _220 |
| 100 | 1 | _a16 | |
| 101 | _aHIS | ||
| 245 | 1 | 0 |
_aAmerican anticommunism : _cM.J. Heale. |
| 504 | _aIncludes bibliographical references (p. [203]-223) and index. | ||
| 740 | 0 | _aAmerican anti-communism. | |
| 906 |
_a7 _bcbc _corignew _d1 _eocip _f19 _gy-gencatlg |
||
| 942 |
_2ddc _cBK |
||
| 999 |
_c42611 _d42611 |
||